01161 2200349 4500001002100000005001500021035002000036007000300056008004100059020003800100020003200138082001500170084001700185100002900202245012500231250002600356300004600382650003600428700003300464700002800497504003000525264003000555336002100585337003000606338002300636040002200659090002200681440005200703850001200755999002200767990002200789INLIS00000000087333020220916014915 a0010-0922000858ta220916s2022 yoib b ind d a978-623-01-2658-1 (jilid lengkap) a978-623-01-2660-4 (jilid 4)04223a372.84 a372.84 AKH p0 aAkhmad SubehiePengarang10aPendidikan agama islam dan budi pekerti untuk SD/MI kelas IV /cAkhmad Subehi, H. Zaenuri Siroj; penyunting, Clara Mitak aCetakan pertama, 2022 avi, 152 halaman :bgambar, tabel ;c30 cm aAgama Islam--xPendidikan dasar0 aZaenuri SirojcH.ePengarang0 aClara MitakePenyunting aBibliografi : halaman 14931aYogyakarta :bAndi,c2022 2rdacontentateks 2rdamediaatanpa perantara 2rdacarrieravolume aYOPDYOGbinderda aCB-D.11 2022-1270 aTitanium buku teks pendamping kurikulum merdeka aYOPDYOG aCB-D.11/2022-1270 aCB-D.11/2022-1270